Krízové riadenie ako súčasť managementu

Kríza podniku a jej príčiny. Analýza rizík. Systémy identifikácie a monitorovania rizík. Diagnostika krízy. Vývoj krízy. Postupy po vzniku krízy. Plán na riešenie krízy.

Guardado en:
Detalles Bibliográficos
Autor principal: Herbrik, Gabriel
Otros Autores: Verner, Robert, 1986-
Formato: Capítulo de libro
Lenguaje:eslovaco
Materias:
Etiquetas: Agregar Etiqueta
Sin Etiquetas, Sea el primero en etiquetar este registro!

MARC

LEADER 00000nla a2200000 4500
001 0210461
005 20240502073515.0
041 0 |a slo 
044 |a SK 
245 1 0 |a Krízové riadenie ako súčasť managementu  |c Gabriel Herbrik, Róbert Verner 
520 |a Kríza podniku a jej príčiny. Analýza rizík. Systémy identifikácie a monitorovania rizík. Diagnostika krízy. Vývoj krízy. Postupy po vzniku krízy. Plán na riešenie krízy. 
610 2 0 |a kríza podniku 
610 2 0 |a manažment krízový 
610 2 0 |a riadenie 
610 2 0 |a audit interný 
610 2 0 |a kontrola 
610 2 0 |a kontroling 
610 2 0 |a riadenie rizík 
100 1 |a Herbrik, Gabriel 
700 1 |a Verner, Robert, 1986-